Documentos para la comprensión de la pintura moderna

Salvato in:
Dettagli Bibliografici
Autore principale: Hess, Walter (Autore)
Natura: Libro
Lingua:spagnolo
Pubblicazione: Buenos Aires Nueva Visión 1959
Serie:Colección arte y estética
Soggetti:
Tags: Aggiungi Tag
Nessun Tag, puoi essere il primo ad aggiungerne!!

MARC

LEADER 00000nam a2200000 a 4500
001 UCY2953
003 CL-VaPUC
008 941130e19590000AG |||||||||||||||||spa|d
082 0 4 |a 750.1  |b HES  |2 21 
100 |a Hess, Walter  |e author  |9 501529 
245 1 0 |a Documentos para la comprensión de la pintura moderna 
300 |a 171 p 
942 |c BK 
945 |d 19941130 00:00:00  |a mfernand 
260 |a Buenos Aires  |b Nueva Visión  |c 1959 
500 |a Incluye tabla de orientación cronológica 
650 0 |a Pintura moderna  |9 265600 
650 7 |a PINTURA SIGLO 20  |2 CL-VaPUC  |9 266201 
583 |a last modification  |c 20160901 11:28:44  |k Rodrigo Vera 
490 0 |a Colección arte y estética 
999 |c 231216  |d 231214 
952 |0 0  |1 0  |4 0  |6 750_100000000000000_HES_1959  |7 0  |8 A  |9 234187  |a BIBARQ  |b BIBARQ  |d 2019-11-15  |i 3040208  |o 750.1 HES 1959  |p 3040208  |r 2025-01-20  |w 2019-11-15  |y BK  |k ARQ